00941cam a2200253 a 450000100100000000500170001000800410002702000150006804000350008304100380011808200190015610000390017524500710021426000430028530000210032853400400034965000250038965000280041470000330044270000330047591000340050895201300054299900150067200000441920200929151435.0960220s1996 sp 000 f spa  a9501515907 aDO-SdBNPcDLCdDLCdOCoLCdDLC17aspaheng2Código de idioma MARC a823.914bW516f1 aWest, Morris L.,d1916-199991298213aAl final del camino /cMorris West ; traducción, Carlos Gardini. aBuenos Aires :bJavier Vergara,c1996. a304 p. ;c22 cm. aTítulo original: Vanishing point. 4aNovela inglesa91071 4aLiteratura inglesa94981 aGardini, Carlos,etr.9129831 aVergara, Javier,eed.912864 aCatalogación por copia / LC 001052708MOaGRbGRcHDd2009-07-24e002344iLF1l0o823.914 W516fp4419-30r2020-06-25w2020-06-25y2ZPréstamo interno c4228d4228